000 00378nam a2200133Ia 4500
008 191206s9999 xx 000 0 und d
020 _a195701909
090 _aHD31.D82
245 0 _aInformation management: an executive approach
260 _aOxford University Press
260 _cc1980
300 _a"x, 243 p. : ill. ; 23 cm."
999 _c16227
_d16227